00316nam a2200109Ia 4500008004100000082000800041100002400049245001300073942000600086952009900092999001500191240331s9999 xx 000 0 und d bANA aAnanthamoorthy, U.R 0aSamskara cL 001040708LaWERCLbWERCLcSSCd2024-03-31l0o 894.811 ANAp3493r2024-03-31w2024-03-31yL c3845d3845